Ликворология (Запис номер 57816)
[ съкратено ]
| 000 -Лидер | |
|---|---|
| Контролно поле с фиксирана дължина | 01659nam a2200337 c 4500 |
| 003 - Код на организацията, давaща контролен номер | |
| Контролно поле | BLK |
| 005 - Дата и час на последна редакция | |
| Контролно поле | 20220815161546.0 |
| 008 - Елементи от данни с фиксирана дължина | |
| fixed length control field | 180408b bul|||||r ||||||| ||bul|| |
| 010 ## - Наследен системен номер | |
| LC control number | KNG00061827000 |
| 040 ## - Източник на каталожния запис | |
| Идентификатор на билиотеката - собственик на записа | BLK |
| 041 ## - Код за език | |
| Код за езика на текст/звукозапис или на отделно заглавие | Български |
| Код за езика КДБФ | Български |
| 080 ## - УДК | |
| Текстов определител УДК | Главен мозък. Мозъчни центрове. Вж и 159.91 ; 613.8 |
| УДК код - определител по УДК | 612.82 |
| УДК - код + определител | 612.82 |
| 080 ## - УДК | |
| Текстов определител УДК | Органични заболявания на гръбначния мозък. Миелопатии - Контузио, миелит, множествена склероза, сирингомиелия, гръбначно-мозъчни параличи, полиомиелит, спинален менингит, патология на гръбначномозъчна |
| УДК код - определител по УДК | 616.832 |
| УДК - код + определител | 616.832 |
| 100 1# - Редна дума - Автор | |
| Автор | Цветанова, Елена |
| Авторска отговорност | първи автор |
| R(LIN) | 287881 |
| 139 ## - Редно поле | |
| Редна дума | Цветанова, Елена |
| Авторски знак | Цвет - Ц 30 |
| 245 10 - Сведения за заглавието | |
| Заглавие | Ликворология |
| Подзаглавни данни | Моногр. |
| Редно поле (дума) | Елена Цветанова. |
| 257 ## - Страна на издаване | |
| Страна на създаване/издаване | България |
| 260 ## - Област на издателските данни | |
| Място на издаване, разпространение и проч. | София |
| Име на издателя, разпространителя и проч. | Медицина и физкултура |
| Година на издаване | 1974 |
| Печатница | Пловдив : Д. Благоев |
| 300 ## - Физическа характеристика | |
| Страници | 208 с. |
| Илюстрации и др. | с ил. |
| Размери/Мащаб | 20 см |
| 380 ## - Жанр | |
| Жанр | Медицина |
| 500 ## - Общи забележки | |
| Забележка | Рез. на рус. и англ. ез..- Библиогр. с. 191 - 199.- Предм. показалец |
| 650 #4 - Допълнително описание по предмет – тема | |
| Основно описание – тема или топоним | Гръбначен мозък |
| 9 (RLIN) | 287882 |
| 653 ## - Ключова дума – ненормативна | |
| Ключова дума | гръбначен мозък |
| 653 ## - Ключова дума – ненормативна | |
| Ключова дума | гръбначномозъчна течност |
| 653 ## - Ключова дума – ненормативна | |
| Ключова дума | монографии |
| 852 ## - Местоположение | |
| Форматна сигнатура | Цб 70962 |
| 856 4# - Електронен адрес и достъп | |
| Електронен формат | pdf - файл |
| 856 4# - Електронен адрес и достъп | |
| Електронен формат | pdf - файл |
| 999 ## - СИСТЕМНИ КОНТРОЛНИ НОМЕРА | |
| Koha biblionumber | 57816 |
| Koha biblioitemnumber | 57816 |
| 942 ## - АРТИКУЛИ | |
| Вид на библиотечния материал | Книги |
| Скрит в OPAC | Не |
| Периодичен библиозапис | Да |
| 944 ## - СЪЗДАВАНЕ И РЕДАКЦИЯ на ЗАПИСА | |
| Създаване/Редакция | Създаване |
| Дата на регистрацията/редакция | 13.06.2004 |
| Служител, извършил регистрацията/редакцията | Читалня |
| 944 ## - СЪЗДАВАНЕ И РЕДАКЦИЯ на ЗАПИСА | |
| Създаване/Редакция | Редакция |
| Дата на регистрацията/редакция | 17.10.2015 |
| Служител, извършил регистрацията/редакцията | Христина_Везирева |
| 944 ## - СЪЗДАВАНЕ И РЕДАКЦИЯ на ЗАПИСА | |
| Създаване/Редакция | Редакция |
| Дата на регистрацията/редакция | 2022-08-15 |
| Служител, извършил регистрацията/редакцията | Христина Везирева |
| 999 ## - СИСТЕМНИ КОНТРОЛНИ НОМЕРА | |
| Koha biblioitemnumber | 57816 |
| Код за отписване | Код за изгубен артикул | Източник на класификационната схема | Код за повреда | Коз за рестрикции | Код за отдаване | Артикулен № | Име на библиотеката - собственик | Име на библиотеката, в която се намира в момента | Статус (Текущо местоположение) | Дата на вписване в системата | Местоположение - отдел | Цена в лева | Инвентарен номер | Систематично азбучна сигнатура | Баркод | Номер на екземпляра | Цена в евро | Служебна бележка | Служебен тип на артикула |
|---|---|---|---|---|---|---|---|---|---|---|---|---|---|---|---|---|---|---|---|
| Не е изгубен | Universal Decimal Classification | Не е повреден | без рестрикции | ползва се в читалня | 94434 | Регионална библиотека "Любен Каравелов" Русе | Регионална библиотека "Любен Каравелов" Русе | Читалня | 1993-01-01 | Читалня | 1.03 | 162285 | Ч 612/Ц 30 | 120000162285 | 1 | 0.53 | Дата инв: 17.03.2017 Бележки инв: Ч2017 | Книги | |
| Не е изгубен | Universal Decimal Classification | Не е повреден | без рестрикции | ползва се в читалня | 94435 | Регионална библиотека "Любен Каравелов" Русе | Регионална библиотека "Любен Каравелов" Русе | Хранилище | 1974-01-01 | Хранилище | 1.03 | 161693 | Цб 70962 | 120000161693 | 2 | 0.53 | Вид: Сф N: стар фонд Дата: 01.01.1974 | Книги | |
| Изтеглен | Не е изгубен | Universal Decimal Classification | Не е повреден | без рестрикции | заемане за дома | 94436 | Регионална библиотека "Любен Каравелов" Русе | Регионална библиотека "Любен Каравелов" Русе | Заемна - подръчен фонд | 1974-01-01 | Заемна - подръчен фонд | 1.03 | 162283 | П 612.8/Ц 30 | 162283 | 3 | 0.53 | Вид: Сф N: стар фонд Дата: 01.01.1974 | Книги |
| Изтеглен | Не е изгубен | Universal Decimal Classification | Не е повреден | без рестрикции | заемане за дома | 94437 | Регионална библиотека "Любен Каравелов" Русе | Регионална библиотека "Любен Каравелов" Русе | Заемна - подръчен фонд | 1974-01-01 | Заемна - подръчен фонд | 1.03 | 162284 | П 612.8/Ц 30 | 162284 | 4 | 0.53 | Вид: Сф N: стар фонд Дата: 01.01.1974 | Книги |